The magic of dialogue : transforming conflict into cooperation

Bibliographic Details
Main Author: Yankelovitch, Daniel (Author)
Format: Book
Language:English
Published: London : Nicholas Brealey 1999
Subjects:

MARC

LEADER 00000cam a2200000 7i4500
001 0000009729
005 20241004.0
008 011029 enk eng
020 |a 1857882563 
040 |a INS   |b eng   |e rda 
090 0 0 |a HD30.3   |b .Y36 1999 
100 1 |a Yankelovitch, Daniel ,   |e author 
245 1 4 |a The magic of dialogue :   |b transforming conflict into cooperation   |c Daniel Yankelovitch 
264 1 |a London :   |b Nicholas Brealey   |c 1999 
264 4 |c ©1999 
300 |a 236 pages ;   |c 22 cm. 
336 |a text  |2 rdacontent 
337 |a unmediated  |2 rdamedia 
338 |a volume  |2 rdacarrier 
500 |a Includes index 
650 0 |a Communication 
650 0 |a Communication in management 
999 |a 0000008332   |b BOOK   |c Open Shelf   |e Default branch